000 00859nas a2200289 4500
001 BR0705998
003 BR-BrBNA
005 20231205111234.0
007 ta
008 230509b bl.|||p| |||| 00| 00por d
040 _aBR-BrBNA
_bpor
_cBiblioteca Nacional de Agricultura
041 _a(Pt)
072 _aL70
100 1 _aLisbôa, J.A.N.
100 1 _aBenes, F.J.
100 1 _aLeal, M.L. do R.
100 1 _aTeixeira, C.M.C.
245 1 _aTemperatura retal e freqüência respiratória e cardíaca e bezerras sadias no primeiro mês de vida
650 _aBEZERRO
650 _aTEMPERATURA DO CORPO
650 _aRETO
650 _aRESPIRAÇÃO
650 _aCORAÇÃO
773 0 _tVeterinária Notícias (Brazil)
_xISSN 0104-3463
_g(2003), v. 9(2) p. 83-89
_wBR0705998
909 _a202311
_bLúcia
_c55
_dLúcia Elande
942 _2AGRIS
_n0
_cANA
999 _c191548
_d191548